God's man of faith and power. (Record no. 17213)

000 -LEADER
fixed length control field 00549nam a2200193 a 4500
001 - CONTROL NUMBER
control field :::00020962$&:&@@
003 - CONTROL NUMBER IDENTIFIER
control field OkBaRHE
005 - DATE AND TIME OF LATEST TRANSACTION
control field 20100331133941.0
008 - FIXED-LENGTH DATA ELEMENTS--GENERAL INFORMATION
fixed length control field j 000 0 eng u
040 ## - CATALOGING SOURCE
Transcribing agency
100 1# - MAIN ENTRY--PERSONAL NAME
Personal name Allen, A. A.
245 10 - TITLE STATEMENT
Title God's man of faith and power.
260 ## - PUBLICATION, DISTRIBUTION, ETC. (IMPRINT)
Place of publication, distribution, etc Hereford, AZ
Name of publisher, distributor, etc A. A. Allen Publications
300 ## - PHYSICAL DESCRIPTION
Extent 184 p
511 0# - PARTICIPANT OR PERFORMER NOTE
Participant or performer note Allen, A. A.
650 ## - SUBJECT ADDED ENTRY--TOPICAL TERM
Topical term or geographic name as entry element Faith
942 ## - ADDED ENTRY ELEMENTS (KOHA)
Source of classification or shelving scheme
Koha item type Books
Copies
Koha item type Lost status Source of classification or shelving scheme Barcode Permanent Location Copy number Total Checkouts Date acquired Not for loan Shelving location Total Renewals Date last seen Damaged status Price effective from Date checked out Current Location Full call number Withdrawn status
Books  20962RHEMA Bible Training College112010-04-14 General Stacks12017-01-03 2010-04-142016-12-06RHEMA Bible Training CollegeBX 8764 .Z8 A4 1954